000 00338nam a2200133Ia 4500
008 231129s9999||||xx |||||||||||||| ||spa||
020 _a84-7634-364-7
040 _bspa
082 _a193 S861u
100 _aStirner Max
245 0 _aEl Ășnico y su propiedad
264 _aOrbis
942 _2ddc
_cBKS
999 _c12623
_d12623